000 nam a22 a 4500
999 _c192713
_d192713
003 BLK
005 20230227102936.0
008 180411b bul|||||r ||||||| ||bul||
010 _aKNG00201910000
040 _aBLK
041 _aBUL
_cBUL
080 _aФутурология
_b008.2
_z008.2
100 1 _aТофлър, Алвин
_eпърви автор
_9377354
139 _aТофлър, Алвин
_bТ 76
245 1 0 _aПрогнози и предпоставки
_bИнтервю на агенция Саут енд прес, 1983
_cАлвин Тофлър; прев. от англ. Маргарита Иванова.
257 _aBGR
260 _aСофия
_bФак. по журналистика и масова комуникация
_c1992
300 _a228 с.
_c20 см
380 _a0
490 _aБиблиотека Социалният процес
_9208927
500 _aОриг. загл. Previews Premises / Alvin Toffler. - Офс. изд.
650 4 _aНаучно предвиждане и прогнозиране
_9251660
653 _aфутурология
653 _aпредвиждане
653 _aпрогнозиране
700 1 _aИванова, Маргарита
_eпрев. от англ.
_9365670
852 _aЦб 169264
856 4 _qpdf
_i17.83
_ldisable
856 4 _qpdf
_i17.83
_ldisable
942 _cKNG
_n0
_s1
944 _aCR
_c27.02.2017
_kНаталия_Любомирова
944 _aED
_c27.02.2017
_kНаталия_Любомирова
999 _d192713
999 _d192713